| 000 | 00428nam a2200157Ia 4500 | ||
|---|---|---|---|
| 008 | 210716s2018 xx 000 0 und d | ||
| 020 | _a9789352806904 | ||
| 041 | _aeng | ||
| 082 | _a658.31243 PARU | ||
| 100 | _aPareek, Udai; Purohit, Surabhi. | ||
| 245 | _aTraining instruments in HRD and OD. | ||
| 250 | _a4 | ||
| 260 |
_aNew Delhi _bSage Publications _c2018 |
||
| 300 | _axxvi,613 | ||
| 650 | _aHuman Resource Development | ||
| 999 |
_c211475 _d211475 |
||